LEADER 01602nam a2200337 i 4500 001 991003205549707536 005 200206141548BL06 UCAMI 008 080122s it a 000 0 ita d 020 $a9788879464215 035 $ab13648500-39ule_inst 040 $aDip.to Scienze pedagogiche$bita 041 $aita$heng 082 0 $a370 100 1 $aNovak, Joseph Donald$0454855 245 12$aL'apprendimento significativo :$ble mappe concettuali per creare e usare la conoscenza /$cJoseph D. Novak 250 $a4. rist. 260 $aTrento :$bErickson,$c2006 300 $a285 p. :$bill. ;$c24 cm 440 0$aGuide per l'educazione 500 $aTit. orig.: Learning, creating, and using knowledge: concept maps as facilitative tools in schools and corporations 504 $aBibliografia: p. 273-285 650 4$aApprendimento$xTeorie 907 $a.b13648500$b23-02-12$c22-01-08 912 $a991003205549707536 945 $aLE022 370 NOV01.01$g1$i2022000125147$lle022$nLE022/PINNELLI/2008$op$pE19.50$q-$rl$s- $t0$u20$v4$w20$x0$y.i14661263$z01-02-08 945 $aLE022 370 NOV01.01 C. 02$g1$i2022000124751$lle022$nLE022/BOCHICCHIO/2008$op$pE18.59$q-$rl$s- $t0$u14$v10$w14$x0$y.i1467984x$z26-02-08 945 $aLE025 ECO 370 NOV01.01$g1$i2025000101524$lle025$o-$pE0.00$q-$rl$s- $t0$u3$v0$w3$x0$y.i14950066$z06-04-09 945 $aLE021 DI23B38$g1$i2021000104312$lle021$o-$pE19.50$q-$rl$s- $t0$u3$v1$w3$x0$y.i14714115$z07-04-08 996 $aApprendimento significativo$91213284 997 $aUNISALENTO 998 $a(4)le022$ale025$a(2)le021$b22-01-08$cm$da $e-$fita$git $h2$i0 LEADER 02365oam 2200649 a 450 001 9910701455803321 005 20120221162920.0 035 $a(CKB)5470000002418519 035 $a(OCoLC)777680098 035 $a(EXLCZ)995470000002418519 100 $a20120221d1985 ua 0 101 0 $aeng 135 $aurbn||||||||| 181 $ctxt$2rdacontent 182 $cc$2rdamedia 183 $acr$2rdacarrier 200 00$aSpace station data system analysis/architecture study$hTask 2$ioptions development, DR-5$b[electronic resource] 210 1$aHuntington Beach, Calif. :$cMcDonnell Douglas Astronautics Company-Huntington Beach ;$aGreenbelt, Md. :$cNational Aeronautics and Space Administration, Goddard Space Flight Center,$d[1985] 215 $a1 online resource (3 volumes) $cillustrations 225 1 $aNASA-CR ;$v177838, 177840, 177841 300 $aTitle from title screen (viewed on Feb. 21, 2012). 300 $a"December 1985." 300 $a"Replaces MDC H1940 dated May 1985." 300 $a"MDC H1343A." 320 $aIncludes bibliographical references. 327 $av. 1. Technology options. -- v. 2. Design options. -- v. 3 Programmatic options. 606 $aArchitecture (computers)$2nasat 606 $aCommunication networks$2nasat 606 $aComputer systems design$2nasat 606 $aComputer systems programs$2nasat 606 $aData storage$2nasat 606 $aEnd-to-end data systems$2nasat 606 $aSpace communication$2nasat 606 $aSpace stations$2nasat 606 $aStandardization$2nasat 606 $aSystems analysis$2nasat 606 $aSystems management$2nasat 615 7$aArchitecture (computers) 615 7$aCommunication networks. 615 7$aComputer systems design. 615 7$aComputer systems programs. 615 7$aData storage. 615 7$aEnd-to-end data systems. 615 7$aSpace communication. 615 7$aSpace stations. 615 7$aStandardization. 615 7$aSystems analysis. 615 7$aSystems management. 712 02$aGoddard Space Flight Center. 712 02$aMcDonnell Douglas Astronautics Company-Huntington Beach. 801 0$bGPO 801 1$bGPO 801 2$bGPO 906 $aBOOK 912 $a9910701455803321 996 $aSpace station data system analysis$93095668 997 $aUNINA